00420 2200169 4500001002100000008004100021035002000062082000800082084001400090100002200104245004300126250000600169260003700175300001200212650001400224990001200238INLIS000000000001015 ind  a0010-0524000250 a200 a200 KHA w aM. Khalilurrahman aWanita Idaman SurgacM. Khalilurrahman a1 aJakarta :bPT. Wahyu Mediac2012 a282 hlm aNon Fiksi a0743992